000 00637nam a2200169 a 4500
008 101101s2006 ||||||||||||||||| || u
020 _a9788178296524
050 _aHD 31 Jai
100 _aJain, Gautam Raj
245 1 0 _aShaping organisational strategies: future perspectives, concepts and cases
_cGautam Raj Jain; Atul Tandan
260 _aNew Delhi:
_bResponse Books
_c2006
300 _a235p.: ill.
350 _a0.00
650 0 _aMANAGEMENT
700 _aTandan, Atul
995 _D0.00
_FCBU-MAIN LIBRARY (Kitwe)
_H1
_I0.00
_M1
_UDAMAGED
_WNov 16, 2010
_ZMain Library Open Access Collection
999 _c57381
_d57381